U.S. States or European Countries by HDI - Statistics

General Stats
  • This quiz has been taken 124 times
    32 since last reset
  • The average score is 19 of 21
Answer Stats
HDI State / Country % Correct
0.951 Belgium
100%
0.949 Ireland
100%
0.970 Norway
100%
0.959 Sweden
100%
0.970 Switzerland
100%
0.957 Washington
100%
0.955 Connecticut
96%
0.962 Denmark
96%
0.948 Finland
96%
0.955 Netherlands
96%
0.972 Iceland
91%
0.961 Massachusetts
91%
0.961 New Hampshire
91%
0.949 Oregon
91%
0.955 Vermont
91%
0.948 New Jersey
83%
0.959 Germany
78%
0.957 Hawaii
74%
0.958 Colorado
70%
0.960 Minnesota
70%
0.948 Virginia
70%
No matching quizzes found
Score Distribution
Percent of People with Each Score
Percentile by Number Answered
Your Score History
You have not taken this quiz since the last reset